| 000 | 01039nam a2200325 a 4500 | ||
|---|---|---|---|
| 999 |
_c3394 _d3394 |
||
| 003 | AKMAL | ||
| 005 | 20170522144412.0 | ||
| 008 | 170522s1996 mau e 000 0 eng d | ||
| 020 | _a0875847471 | ||
| 020 |
_a9780875847474 : _cRM111.80 |
||
| 040 | _aAKMAL | ||
| 082 | 0 | 4 |
_a658.406 KOT _222 |
| 090 | 0 | 0 |
_a658.406 _bKOT |
| 100 | 1 |
_aKotter, John P. _96859 |
|
| 245 | 1 | 0 |
_aLeading change / _cJohn P. Kotter |
| 260 |
_aBoston, Massachusetts : _bHarvard Business Revview Press, _cc1996 |
||
| 300 |
_ax, 187p. ; _c24cm. |
||
| 650 | 1 | 0 |
_aOrganization change _96860 |
| 650 | 2 | 0 |
_aLeadership _9120 |
| 650 | 2 | 0 |
_aIndustrial organization _96226 |
| 650 | 2 | 0 |
_aStrategic planning _96200 |
| 942 |
_2ddc _cBOOK |
||